All Ship Wrek Debuts On NCS - Statistics

General Stats
  • This quiz has been taken 6 times
  • The average score is 4 of 5
Answer Stats
Feats Title Views % Correct
Zookeepers Ark 87M
100%
Mia Vaile Pain 13M
100%
Zookeepers, Trauzers Vessel 25M
100%
Essy Fools Good 8M
67%
The Highrollers Waiting 1,7M
33%
No matching quizzes found
Score Distribution
Percent of People with Each Score
Percentile by Number Answered
Your Score History
You have not taken this quiz